Statistics for Countries with Service to London Airports

Click here to take the quiz!

General Stats

  • This quiz has been taken 165 times
    (121 since last reset)
  • The average score is 90 of 105

Answer Stats

HintHintHintCountry% Correct
ca14366Canada
99%
us153129United States
99%
pt361.7127.6Portugal
97%
ie363.082.5Ireland
96%
jp693.3140.0Japan
96%
my610.3247.2Malaysia
96%
za431365South Africa
96%
es372127.5Spain
96%
au683.0342.0Australia
94%
br266294Brazil
94%
dk401.573.5Denmark
94%
lv438.070.6Latvia
94%
nl39386.9Netherlands
94%
no401.757Norway
94%
ru57752Russia
94%
kr669139South Korea
94%
se414.360.5Sweden
94%
th608.0207.9Thailand
94%
tr460.3130.6Turkey
94%
ar234.0373.0Argentina
93%
cn615.0140.9China
93%
fr386105France
93%
in556185.9India
93%
id635.5264Indonesia
93%
ir501.3152.5Iran
93%
pk535.7164.2Pakistan
93%
pl423.687.1Poland
93%
ch398.4103.5Switzerland
93%
ae502.0182.5United Arab Emirates
93%
cl218384Chile
92%
ee439.064.8Estonia
92%
fi43752Finland
92%
hu424.4103.1Hungary
92%
is34143Iceland
92%
lt434.376.3Lithuania
92%
mx151.0182.0Mexico
92%
ma366.0153.5Morocco
92%
nz776.7391.9New Zealand
92%
qa495.7176.2Qatar
92%
sa482.1179.9Saudi Arabia
92%
sk423.098.0Slovakia
92%
be391.091.0Belgium
90%
co216.3247.5Colombia
90%
eg447.0171.3Egypt
90%
il459.0157.0Israel
90%
it416.4124.2Italy
90%
kz533.0100.0Kazakhstan
90%
ro436.7107.1Romania
90%
si413.0106.5Slovenia
90%
at414.2100.9Austria
89%
hr418.0108.0Croatia
89%
de404.089.9Germany
89%
gr430129Greece
89%
iq478.8149.9Iraq
89%
lb461.7146.8Lebanon
89%
sg614.2256.7Singapore
89%
vn624.3219.9Vietnam
89%
al425.5124.0Albania
87%
dz384.2167.2Algeria
87%
jo462.3158.9Jordan
87%
mt412.9141.1Malta
87%
cu206.0190.2Cuba
86%
cz414.093.8Czech Republic
86%
dr221197Dominican Republic
86%
lu394.394.2Luxembourg
86%
ng398.0230.8Nigeria
86%
bd583.0181.8Bangladesh
85%
bg437.8117.9Bulgaria
85%
cy455.3143.7Cyprus
85%
jm206200.2Jamaica
85%
om509.33187.2Oman
85%
pe208292Peru
85%
ag241.4204.0Antigua and Barbuda
83%
ke465.8259.9Kenya
83%
kw487.0162.9Kuwait
83%
tn401148Tunisia
83%
by443.481.2Belarus
82%
rs427.6113.0Serbia
82%
az487.6125.0Azerbaijan
80%
bs209.0180.9Bahamas
80%
bh494.3174.0Bahrain
80%
bb246.5217.0Barbados
80%
et470.0234.2Ethiopia
80%
mk429.5121.7North Macedonia
80%
ph657220.6Philippines
80%
tw652.9182.1Taiwan
80%
ua450.696.0Ukraine
80%
ba421.0113.0Bosnia and
Herzegovina
77%
lk562235.3Sri Lanka
77%
lc243.2214.6Saint Lucia
76%
md444.4102.0Moldova
75%
cr192.0228.0Costa Rica
73%
ge479120Georgia
73%
gh378.2234.5Ghana
73%
me423.7117.8Montenegro
73%
kn239.4203.4Saint Kitts and Nevis
73%
kv427.5118.5Kosovo
69%
Brunei
68%
gd241.6220.6Grenada
66%
mv545.9248.9Maldives
66%
mu510.1329.1Mauritius
65%
tt242.5226.6Trinidad and Tobago
65%
sc505.5277.0Seychelles
56%
cv326.7206.9Cape Verde
48%
rw447.8267.7Rwanda
48%

Score Distribution

Percentile by Number Answered

Percent of People with Each Score

Your Score History

You have not taken this quiz since the last reset